| 000 | 00626nam a2200229Ia 4500 | ||
|---|---|---|---|
| 003 | OSt | ||
| 005 | 20230424113521.0 | ||
| 008 | 210423s2012 xx 000 0 und d | ||
| 020 | _a9780415181563 | ||
| 040 | _cAL | ||
| 041 | _aeng | ||
| 082 |
_a306 _223 _bRAPN |
||
| 100 |
_aRAPPORT (Nigel);OVERING (Joanna) _992002 |
||
| 245 | _aSocial and cultural anthropology: the key concepts | ||
| 260 |
_aLondon _bRoutledge _c2012 |
||
| 300 |
_axii,463 _bPB |
||
| 365 |
_b395 _cINR |
||
| 650 |
_aCulture _992003 |
||
| 650 |
_aSociology _992004 |
||
| 906 | _aanthropology: ; concepts ; cultural ; key ; Social | ||
| 942 |
_2ddc _cBK |
||
| 999 |
_c160924 _d160924 |
||